इसे छोड़कर सामग्री पर बढ़ने के लिए
Inicio
Centros participantes
Catálogo
Servicios
Contacto
लॉग इन करें
English
Deutsch
Español
Français
Italiano
日本語
Nederlands
Português
Português (Brasil)
中文(简体)
中文(繁體)
Türkçe
עברית
Gaeilge
Cymraeg
Ελληνικά
Català
Euskara
Русский
Čeština
Suomi
Svenska
polski
Dansk
slovenščina
اللغة العربية
বাংলা
Galego
Tiếng Việt
Hrvatski
हिंदी
Հայերէն
Українська
Sámegiella
भाषा
सभी फ़ील्ड्स
शीर्षक
लेखक
विषय
बोधानक
आईएसबीएन / आईएसएसएन
टैग
खोज
उन्नत
Sistema de capacitación 1ª eta...
इसे उद्धृत करें
इसे ईमेल करें
प्रिंट
निर्यात रिकॉर्ड
को निर्यात RefWorks
को निर्यात EndNoteWeb
को निर्यात EndNote
सूची में सहेजें
स्थायी लिंक
पहली रेटिंग जोड़ें
Sistema de capacitación 1ª etapa: diagnóstico. Plan de acción para el diagnóstico
में बचाया:
ग्रंथसूची विवरण
निगमित लेखक:
Costa Rica. Oficina de Planificación Nacional y Política Económica
स्वरूप:
मूलपाठ
प्रकाशित:
San José:
OFIPLAN
टैग:
टैग जोड़ें
कोई टैग नहीं, इस रिकॉर्ड को टैग करने वाले पहले व्यक्ति बनें!
होल्डिंग्स
विवरण
टिप्पणियाँ
समान संसाधन
स्टाफ के लिए
MARC
LEADER
00000 a a2200000 04500
001
15446
003
040
090
|a
019200
110
|a
Costa Rica. Oficina de Planificación Nacional y Política Económica
245
|a
Sistema de capacitación 1ª etapa: diagnóstico. Plan de acción para el diagnóstico
260
|a
San José:
|b
OFIPLAN
300
|a
9 p.
999
|c
16339
|d
16339
समान संसाधन
Formulación de coonclusiones y recomendaciones de las comisiones de trabajo
Manual de funcionamiento del Subsistema de Planificación Sectorial. Creado por decreto ejecutivo n° 9644 de febrero de 1978
Lista de participantes
Intervenciones de Daniel Oduber Quirós e Israel Márquez /
द्वारा: Oduber Quirós, Daniel
La investigación-participativa como proceso de educación crítica. Lineamientos metodológicos
द्वारा: Le Boterf, Guy